| 000 | 00516nam a2200145Ia 4500 | ||
|---|---|---|---|
| 008 | 100204s9999 xx 000 0 und d | ||
| 082 | _b10700 | ||
| 100 | _aम्हात्रे माधव | ||
| 245 | _aबाहुल्यांची राणी | ||
| 260 |
_b"ललित साहित्य प्रकाशन , पुणे" _c1988 |
||
| 300 | _a83 | ||
| 630 | _aबाहुल्यांची राणी | ||
| 730 | _aबाहुल्यांची राणी | ||
| 942 | _cBOOK | ||
| 999 |
_c455136 _d455133 |
||